Statistics for Country Quiz on a Map - Spain

Click here to take the quiz!

General Stats

  • This quiz has been taken 4,942 times
    (2,819 since last reset)
  • The average score is 24 of 45

Answers on the Map

Answers color-coded by a green-red scale on the quiz's map according to % correct below.
 

Answer Stats

Answers% Correct
3,340,176Madrid
99%
1,655,956Barcelona
98%
Portugal
91%
Region with recent independence referendumCatalonia
90%
France
90%
Andorra
88%
684,164Seville
88%
Mediterranean Sea
86%
804,121Valencia
86%
North Atlantic Ocean
85%
Island city known for vibrant nightlifeIbiza
84%
Morocco
84%
Pyrenees
76%
Bay of Biscay
67%
Basilica with a construction history spanning over a centurySagrada Familia
66%
United Kingdom
65%
Along with Melilla, one of the Spanish autonomous cities in AfricaCeuta
63%
Manacor: This tennis player, winner of 22 Grand Slam men's singles titles, was born in this cityRafael Nadal
63%
Region with a distinctive culural heritage and a Celtic influenceGalicia
60%
Museum of modern and contemporary art in BilbaoGuggenheim Museum
60%
683,949Zaragoza
58%
Figueres: This city is home to a museum dedicated to this renowned surrealist artistSalvador Dalí
56%
One of the most significant Catholic pilgrimage destinationsSantiago de Compostela
53%
Ancien Arab Palace that literally means 'The Red One'Alhambra
50%
1492: Battle that ended the ReconquistaBattle of Granada
49%
Former capital of the Umayyad Caliphate with the same nameCordoba
49%
La Mancha:The hidalgo from this Cervantes' masterpiece roams the plains of this regionDon Quixote
49%
Coastal Basque city, also locally referred to as DonostiaSan Sebastian
49%
Balearic Sea
43%
Region well known for its winesLa Rioja
42%
1805: Naval engagement during the Napoleonic WarsBattle of Trafalgar
35%
Ebro
34%
Tagus
33%
Douro
31%
Belchite: This Guillermo del Toro's fantasy movie, set during the Francoist period, was partially filmed in this ghost townPan's Labyrinth
24%
Teide
23%
Alboran Sea
18%
Mulhacén
12%
Aneto
11%
Cantabrian Mountains
11%
Madrid: This Francisco Goya's painting portays the Napoleonic repression of this city's resistanceEl tres de mayo en Madrid
11%
Baetic Mountains
9%
Valladolid: This bishop defended the Amerindians during a famous debate in this cityBartolomé de las Casas
9%
Navarrese badlands featuring eroded clay, chalk, and sandstone formationsBardenas Reales
7%
Enchanting geological site adorned with distinctive rock formations, evoking images of animals, objects, and mushroomsCiudad Encantada
5%

Score Distribution

Percentile by Number Answered

Percent of People with Each Score

Your Score History

You have not taken this quiz since the last reset